000 00546nam a2200229Ia 4500
003 OSt
005 20220912153042.0
006 a|||||r|||| 00| 0
007 ta
008 220909b |||||||| |||| 00| 0 eng d
024 _a23469
037 _cTextual
040 _aCSL
_beng
_cCSL
041 _aeng
082 _aB393, L5
100 _aLang Serge
245 0 _aS L 2 (R)
260 _aPhillipines
_bAddison Wesley
_c1975
300 _ap.
_ccm.
942 _hB393, L5
_cTEXL
_2CC
999 _c97296
_d97296